000 01105nam a22002777a 4500
001 6233
003 FISKH
005 20250826090647.0
008 250403b cb ||||| |||| 00| 0 eng d
020 _a9789814281089
040 _aFISKH
_beng
_cFISKH
_dFISKH
050 _aPZ8.1 ..L7215
082 _a398.24528625
100 _aGiles, Jenny
245 _aThe little red hen /
_cRetold by Jenny Giles ; Illustrated by Betty Greenhatch
260 _aVictoria :
_bCengage Learning,
_c1997.
300 _a32 pages :
_bcolor illustrations ;
_c21 cm
505 _aG
520 _aThe little red hen works very hard whilst the other farm animals laze about on the farm. She discovers some wheat and decides to harvest and made bread out of it, but all the other animals refuse to help out. When the bread is baked the hen declines to share because they were not ready to work for their food.
521 8 _a380
_bLexile estimate
521 8 _aG
_bRaz-Plus
650 _aChickens
_vAnimals
_xFolktale
700 _aGreenhatch, Betty
_eillustrator
942 _2ddc
_cBK
_n0
999 _c6233
_d6233